Gods, heroes and tyrants (Record no. 116621)
[ view plain ]
| 000 -LEADER | |
|---|---|
| fixed length control field | 01316nam a2200337 a 4500 |
| 082 04 - DEWEY DECIMAL CLASSIFICATION NUMBER | |
| Classification number | 938/.01 |
| 100 1# - MAIN ENTRY--AUTHOR NAME | |
| Personal name | Sweeney, Emmet John. |
| 245 10 - TITLE STATEMENT | |
| Title | Gods, heroes and tyrants |
| 260 ## - PUBLICATION, DISTRIBUTION, ETC. (IMPRINT) | |
| Place of publication | New York : |
| Name of publisher | Algora Pub., |
| Year of publication | 2009. |
| 300 ## - PHYSICAL DESCRIPTION | |
| Number of Pages | x, 181 p. : |
| Other physical details | col. ill. |
| 856 40 - ELECTRONIC LOCATION AND ACCESS | |
| Uniform Resource Identifier | http://site.ebrary.com/lib/rucke/Doc?id=10476813 |
No items available.
